Quizzes
Events
Quiz Creation
Community
Videos
Private Events
Remove Ads
Sign In
Join for FREE
Feedback
Dark Mode
Quiz Categories
Sports
Geography
Music
Movies
Television
Just For Fun
Miscellaneous
History
Literature
Language
Science
Gaming
Entertainment
Religion
Holiday
For Kids
Quiz Lab
Recent
Popular Today
Quiz Kudos Today
Editor Picks
Curator Picks
Quizzes by...
Day
Popularity
Type
Ratings
Length
Year
Community
Subscriptions
Recent Discussions
Orange Saloon
Badges
Playlists
Quests
Create
Leaderboards
Showdown
Live 5
Trivia Bingo
Activity
Puzzle Library
Sporcle Events
Private Events
Virtual Trivia
Globe League
Become a Host
Pub Owners
SporcleCon
Opinionation
Our Games
Videos
Blog
Mobile Apps
Partnerships
Remove Ads and Go Orange
Feedback
Literature
Harry Potter
A Song of Ice and Fire
The Hunger Games
Literary Character
Shakespeare
Book
Author
Novel
Poem
Young Adult
Children's Books
Play
Lord of the Rings
Literature
Harry Potter
A Song of Ice and Fire
The Hunger Games
Literary Character
Shakespeare
Book
Author
Novel
Poem
Young Adult
Children's Books
Play
Lord of the Rings
Random Quiz
Search Sporcle
×
Quiz Lab
Quiz Lab
Literature
noble
Type in answers that appear in a list
Type in answers that appear in a list
Classic
Best Score? Go Orange.
The Noble House of Black Stats
Can you name the Black Family Members?
By
footballerer155
10m
32 Questions
319 Plays
319 Plays
319 Plays
Comments
Comments
Give Quiz Kudos
Give Quiz Kudos
-
- Ratings
hide this ad
Replay
Link that replays current quiz
Next Quiz
Link to next quiz in quiz playlist
You Got
0%
They Got
Avg Score
43%
Avg Friend Score
Upgrade to see
Score Distribution
Jump to the score distribution portion of the page
Score
0/32
Timer
10:00
0
Plays Today
% Correct
Sirius
98.7%
Regulus
87.5%
Bellatrix
86.8%
Narcissa
82.8%
Phineas Nigellus
66.5%
Draco
55.2%
Walburga
54.9%
Orion
54.5%
Lucius
53%
Cygnus
45.8%
Arcturus
45.1%
Druella
40.1%
Elladora
39.8%
Rodolphus
39.2%
Pollux
36.7%
Dorea
35.7%
% Correct
Irma
34.5%
Cassiopeia
34.5%
Callidora
33.5%
Charis
32.6%
Lucretia
32.6%
Lycoris
31.7%
Ursula
31%
Charlus
30.7%
Hesper
30.1%
Melania
29.8%
Belvina
29.5%
Ignatius
28.8%
Lysandra
27.3%
Herbert
26%
Caspar
26%
Harfang
25.4%
Quiz Playlist
Details
Report
Send in Message
Add To Playlist
Classic:
Type in answers that appear in a list
Last Updated: Feb 16, 2017
Quiz Scoreboard
CHALLENGE
Sign Up to Join the Scoreboard
Show All
Scores
Hide
Comments
May contain spoilers
Recently Published
9x9 Crossword: Cartoon Network
by jackfrog10
Miscellaneous
3m
College Basketball Coaching Resumes
by pancakes188
Sports
9m
Billboard Blitz: Fleetwood Mac
by CooCooCachoo
Music
15s
More to Explore
Quiz From the Vault
Featured Blog Post
Where Did the Easter Bunny Come From?
hide this ad
You Might Also Like...
Tags
black
Black Family
Family
house
noble
Today's Top Quizzes in Literature
Browse Literature
hide this ad
Today's Top Quizzes in noble
Browse noble
Top Contributed Quizzes in Literature
1
Sneaky Slytherin Logic Puzzle
2
Get The Picture: Black or White Literature
3
5-to-1: Plays
4
A Court of Thorns and Roses (ACoTaR) Logic Puzzle
5
One Thing in Common: Literature
6
One Thing in Common: Literature II
7
One Thing in Common: Literature 3
8
One Thing in Common: Books
9
Literary Siblings Odd One Out III
10
Harry Potter Neighbourly Logic Puzzle #1
Explore More
Trending Topics
Harry Potter
Disney
Kpop
Anime
Crossword
NBA
Marvel
Pokémon
Song
Puzzle
Soccer
The Office
WWE
NFL
Country
hide this ad
More By:
footballerer155
Quiz
Plays
Rating
Category
Featured
Created
Deaths in the Harry Potter series
6,740
1.68
Literature
Dec 19, 2009
Sexy Actresses
3,077
1.91
Entertainment
Dec 22, 2009
Children in Harry Potter Epilogue
1,205
2.69
Literature
Dec 20, 2009
Harry Potter Incantations
772
4.38
Literature
Dec 20, 2009
The Noble House of Black
319
2.33
Literature
Dec 21, 2009
Go to Creator's Profile
Score Distribution
Quiz Creator Spotlight
footballerer155
Follow
Send a Message
Quizzes Created
-
Created Quiz Play Count
-
More By This Creator
Popular Quizzes Today
1
Find the US States - No Outlines Minefield
2
Find the Countries of Europe - No Outlines Minefield
3
The Countries of the World
4
Find the US States
5
Risky Map Clicking: Biggest States A-Z
6
US States
7
Popular People in 1961
8
Movies - When Are They Set?
More Literature Quizzes
What To Expect When You're Expecting: Most Common Words
Published
Trending Quizzes
Risky Map Clicking: Least Populous States A-Z
1-10 Letter G Words
1-10 Letter F Words
Risky Map Clicking: Next State Alphabetically
Adjectives in 80s TV Shows
Recently Updated
Leaping Animals
pecheneg
Reality TV Shows (A-Z)
bhenderson79
Rickey Henderson's Hall of Fame Teammates
pecheneg
Champions League XIs: Arsenal
pecheneg
Quick Pick: Celebrities in WWE's Hall of Fame
aduchscher
A-Z Keypad Blitz II
pecheneg
Multiple Oscar Actors
pecheneg
Mystery Phrase Blitz: Oscar 'Best Actors'
pecheneg
F. Scott Fitzgerald Novels
LTH
Pick 3 Villains
ddd62291
Trending Topics
Harry Potter
Marvel
Anime
NBA
Disney
Kpop
Crossword
NFL
Country
Puzzle
Pokémon
Soccer
Song
WWE
The Office
Your Account Isn't Verified!
In order to create a playlist on Sporcle, you need to verify the email address you used during registration. Go to your
Sporcle Settings
to finish the process.
Report this User
Report this user for behavior that violates our
Community Guidelines
.
Details:
Send Report
Go to the Sporcle.com Mobile Site →
Comments